Náčrt dejín slovenského jazyka /

Hlavní autor: Krajčovič, Rudolf, 1927-2014
Jazyk: Slovenština
Vydáno: Bratislava : Slovenské pedagogické nakladateľstvo, 1971
Vydání: 2. vyd.
Témata:
Fyzický popis: 190 s.
Knihy
Uloženo v:
LEADER 00818nam a22002172a 4500
001 000307012
003 CZ BrMZK
005 20131210130458.0
007 ta
008 980107s1971 xo f 000 0 slo d
040 |a BOA001  |b cze 
100 1 |a Krajčovič, Rudolf,  |d 1927-2014  |7 mzk2002142213  |4 aut 
245 1 0 |a Náčrt dejín slovenského jazyka /  |c Rudolf Krajčovič 
250 |a 2. vyd. 
260 |a Bratislava :  |b Slovenské pedagogické nakladateľstvo,  |c 1971 
300 |a 190 s. 
910 |a BOA001  |b 2-0529.084-71  |b PK-0038.184-71 
964 |a Slovenština - dějiny - učebnice slovenské - školy vysoké 
990 |a BK 
996 7 |b 2619038013  |c 2-0529.084-71  |l HP2  |r DEN  |n 0  |w 000307012  |u 000020  |a 1  |e BOA001  |j MZK50  |s A 
996 7 |b 3119924809  |c PK-0038.184-71  |l MZK  |r Sklad / do 1 hodiny  |n 4  |w 000307012  |u 000010  |a 1  |e BOA001  |j MZK50  |s A